LEADER 01486nam 2200397 450 001 000001038 005 20050718115000.0 100 $a--------h19401940km-y0itay0103----ba 101 0 $aita 102 $aIT 200 1 $aRelatività del "notorio"$fAvv. Luigi Ferrara Prof. ord. nell'Università di Napoli 210 $aRoma$cSocietà editrice del "Foro italiano"$d1940 - XVIII$eCittà di Castello$gTip. Unione Arti Grafiche$h1940 - XVIII 215 $a19 p.$d22 cm 303 $aSu terza e quarta di cop. pubblicità editoriale 303 $aSulla cop. dedica manoscritta dell'aut.: "Al carissimo Sergio/ fraternamente/ Luigi" 305 $aEstratto da Il foro italiano Vol. LXV - Fasc. XV-XVI 606 $aFatto notorio 700 1$aFerrara,$bLuigi$06466 801 0$aIT$bUniversità della Basilicata - B.I.A.$gRICA$2unimarc 912 $a000001038 996 $aRelativit? del "notorio"$970298 997 $aUNIBAS BAS $aMONLET BAS $aMONOGR BAS $aLETTERE CAT $aGINO$b01$c19990705$lBAS01$h1231 CAT $c20000913$lBAS01$h1424 CAT $c20000920$lBAS01$h1828 CAT $c20001010$lBAS01$h1631 CAT $c20050601$lBAS01$h1752 CAT $abatch$b01$c20050718$lBAS01$h1047 CAT $c20050718$lBAS01$h1106 CAT $c20050718$lBAS01$h1136 CAT $c20050718$lBAS01$h1150 FMT Z30 -1$lBAS01$LBAS01$mBOOK$1BASA1$APolo Storico-Umanistico$2FDEP$BFondo De Pilato$3FD/1743$61743$5D1743$819990705$f52$FRari LEADER 01383nam0 22003373i 450 001 LO10326458 005 20231121125517.0 010 $a8817843156 100 $a20050421d1994 ||||0itac50 ba 101 | $aita 102 $ait 181 1$6z01$ai $bxxxe 182 1$6z01$an 200 1 $aOltre la Cupola$fFrancesco Forgione, Paolo Mondani$gprefazione di Stefano Rodotà$gpostfazione di Agostino Cordova 210 $aMilano$cRizzoli$d1994 215 $a257 p.$d23 cm. 606 $aMafia$xCalabria$x1970-1990$2FIR$3CFIC069410$9I 606 $aMassoneria$xCalabria$x1970-1990$2FIR$3CFIC069411$9I 676 $a364.106094578$9CRIMINE ORGANIZZATO. Calabria$v20 700 1$aForgione$b, Francesco$f <1960- >$3LO1V137408$4070$0325239 701 1$aMondani$b, Paolo$3LO1V137409$4070$01441136 801 3$aIT$bIT-01$c20050421 850 $aIT-RM0289 $aIT-RM1248 $aIT-FR0017 899 $aBiblioteca Statale A. Baldini$bRM0289 $eN 899 $aBiblioteca Della Fondazione Pietro Nenni$bRM1248 899 $aBiblioteca umanistica Giorgio Aprea$bFR0017 $eN 912 $aLO10326458 950 0$aBiblioteca umanistica Giorgio Aprea$d 52DES 364 For.Olt.$e 52SBA0000190085 VMB RS $fA $h20150731$i20150731 977 $a 04$a 23$a 52 996 $aOltre la Cupola$93608110 997 $aUNICAS